| 000 | 00581nam a2200169 a 4500 | ||
|---|---|---|---|
| 008 | 080109s1986 ||||||||||||||||| || u | ||
| 020 | _a0140091157 | ||
| 050 | _aHD 31 Pas | ||
| 100 | _aPascale, Richard Tanner | ||
| 245 | 1 | 4 | _aThe art of Japanese management |
| 260 |
_aHarmondsworth, (Middlesex) _bPenguin _c1986 |
||
| 300 | _axv, 221p. : ill. | ||
| 350 | _a0.00 | ||
| 650 | 0 | _aMANAGEMENT | |
| 650 | _aMANAGEMENT--JAPAN | ||
| 995 |
_D0.00 _FCBU-MAIN LIBRARY (Kitwe) _H1 _I3.95 _M1 _UAVAILABLE _ZMain Library Open Access Collection |
||
| 999 |
_c34867 _d34867 |
||